Szczegóły MARC21

Rozwijanie kompetencji kluczowych uczniów w procesie edukacji wczesnoszkolnej /

003 -Nazwa inst., której nr kontr. jest w polu 001 [,]
    • @
    • Nazwa instytucji, której n kontrolny jest w polu 001
    • NUKAT
005 -DATA I CZAS OSTATNIEJ MODYFIKACJI [,]
    • @
    • pole kontrolne
    • 20241231102818.0
020 -Międzynarod. znormalizowany nr książki - ISBN [ , ]
    • a
    • Numer ISBN
    • 9788378500872 Find
040 -Instytucja sporządzająca opis [ , ]
    • a
    • Instytucja, która sporządziła opis (NP)
    • GD U/AJ
    • c
    • Instytucja, która sporządziła rekord (NP)
    • GD U/AJs
    • d
    • Instytucja, która zmodyfikowała rekord (P)
    • WA M/ES
942 -Rodzaj dokumentu [ , ]
    • c
    • Rodzaj dokumentu
    • Książka
245 -Strefa tytułu i oznaczenia odpowiedzialności [0,0]
    • a
    • Tytuł
    • Rozwijanie kompetencji kluczowych uczniów w procesie edukacji wczesnoszkolnej / Find
    • c
    • Pozostałe elementy strefy tytułu i oznaczenia odpowiedzialności (NP)
    • red. nauk. Janina Uszyńska-Jarmoc, Barbara Dudel, Małgorzata Głoskowska-Sołdatow.
260 -Strefa adresu wydawniczego [ , ]
    • a
    • Miejsce wydania (P)
    • Kraków :
    • b
    • Nazwa wydawcy (P)
    • Impuls ;
    • a
    • Miejsce wydania (P)
    • Białystok :
    • b
    • Nazwa wydawcy (P)
    • Wydział Pedagogiki i Psychologii Uniwersytetu w Białymstoku,
    • c
    • Data wydania (P)
    • 2013.
300 -Strefa opisu fizycznego [ , ]
    • a
    • Określenie formy książki i/lub objętość (NP)
    • 257 s. :
    • b
    • Oznaczenie ilustracji (NP)
    • il. ;
    • c
    • Format (NP)
    • 24 cm.
336 -Typ zawartości [ , ]
    • a
    • Termin opisujący typ zawartości
    • Tekst
    • b
    • Kod określający zawartość
    • txt
    • 2
    • Źródło (terminu i kodu)
    • rdacontent
337 -Typ mediów [ , ]
    • a
    • Tryb odtwarzania
    • Bez urządzenia pośredniczącego
    • b
    • Kod typu mediów
    • n
    • 2
    • Źródło (terminu i kodu)
    • rdamedia
338 -Typ/rodzaj nośnika [ , ]
    • a
    • Hasło opisujące typ nośnika
    • Wolumin
    • b
    • Kod typu nośnika
    • nc
    • 2
    • Źródło (terminu i kodu)
    • rdacarrier
504 -Uwaga dot. bibliogr. załącznikowej [ , ]
    • a
    • Uwaga dot. bibliografii załącznikowej
    • Bibliogr. s. 233-257.
080 -Uniwersalna Klasyfikacja Dziesiętna [ , ]
    • 2
    • Identyfikator wydania tablic
    • UDC-P058
    • 9
    • UKD
    • 3867
    • a
    • Symbol klasyfikacji
    • 37.091.212
    • b
    • Dopowiedzenie
    • Uczniowie. Zasady doboru do różnych typów szkół. Kategorie uczniów. Dojrzałość szkolna. Limity przyjęć. Testy oceniające zdolności uczniów. Postępy i opóźnienia w nauce. Drugoroczność.
080 -Uniwersalna Klasyfikacja Dziesiętna [ , ]
    • 2
    • Identyfikator wydania tablic
    • UDC-P058
    • 9
    • UKD
    • 3898
    • a
    • Symbol klasyfikacji
    • 373.3.046-021.64
    • b
    • Dopowiedzenie
    • Nauczanie początkowe (I-III).
650 -Hasło przedmiotowe [ ,7]
    • a
    • Hasło przedmiotowe
    • Nauczanie początkowe.
    • 2
    • Źródło terminu
    • kaba
    • 9
    • KHW
    • 120677
650 -Hasło przedmiotowe [ ,7]
    • a
    • Hasło przedmiotowe
    • Uczniowie szkół podstawowych
    • x
    • Określnik rzeczowy
    • edukacja.
    • 2
    • Źródło terminu
    • kaba
    • 9
    • KHW
    • 374505
980 -Symbol UKD [ , ]
    • a
    • UKD
    • 37.091.212:373.3.046-021.64
700 -Hasło dodatkowe - nazwa osobowa [1, ]
    • a
    • Nazwa osobowa (NP)
    • Uszyńska-Jarmoc, Janina. Find
    • e
    • Określenie rodzaju współpracy
    • Red.
    • 9
    • KHW
    • 58902
700 -Hasło dodatkowe - nazwa osobowa [1, ]
    • a
    • Nazwa osobowa (NP)
    • Dudel, Barbara. Find
    • e
    • Określenie rodzaju współpracy
    • Red.
    • 9
    • KHW
    • 58903
700 -Hasło dodatkowe - nazwa osobowa [1, ]
    • a
    • Nazwa osobowa (NP)
    • Głoskowska-Sołdatow, Małgorzata. Find
    • e
    • Określenie rodzaju współpracy
    • Red.
    • 9
    • KHW
    • 58904
710 -Hasło dodatkowe - nazwa ciała zbiorowego [2, ]
    • a
    • Nazwa ciała zbiorowego lub nazwa geograficzna jako pierwszy element (NP)
    • Oficyna Wydawnicza Impuls.
    • 4
    • Kod relacji
    • pbl
    • 9
    • KHW
    • 52864
710 -Hasło dodatkowe - nazwa ciała zbiorowego [2, ]
    • a
    • Nazwa ciała zbiorowego lub nazwa geograficzna jako pierwszy element (NP)
    • Uniwersytet (Białystok).
    • b
    • Nazwa jednostki podrzędnej (P)
    • Wydział Pedagogiki i Psychologii.
    • 4
    • Kod relacji
    • pbl
    • 9
    • KHW
    • 58901
920 -ISBN [ , ]
    • a
    • ISBN
    • 978-83-7850-087-2 Find
Numer inwentarzowy Status udost. Data inwentaryzacji Lokalizacja
Z.11722312013-10-03BG
WM.14715-32013-10-03BG
WM.14716-32013-10-03BG